000 00751cam a2200253 4500500
005 20260405002610.0
041 _afre
042 _adc
100 1 0 _aLacroix, Alexandre
_eauthor
245 0 0 _aAlexandre Jollien: “ La méditation n’est pas une baguette magique ”
260 _c2017.
500 _a34
690 _aAlexandre Jollien
690 _aBouddhisme
690 _aCorée du Sud
690 _améditation
690 _aNietzsche
690 _aOrient
690 _aSagesse
690 _aSoutra
690 _aZen
786 0 _nPhilosophie magazine | 115 | 12-1 | 2017-12-01 | p. 14-16 | 1951-1787
856 4 1 _uhttps://shs.cairn.info/magazine-philosophie-magazine-2017-12-1-page-14?lang=fr&redirect-ssocas=7080
999 _c2059179
_d2059179